Olympischer Medaillenspiegel - Reitsport - Statistiken

Allgemein
  • Dieses Quiz wurde 67 mal gespielt
  • Das Durchschnittsergebnis liegt bei 13 aus 16
Antwortstatistiken
Gesamt Gold Silber Bronze Land % Korrekt
56 28 14 14 Deutschland
100%
14 5 5 4 Gesamtdeutsche Mannschaft
100%
25 11 5 9 Westdeutschland
100%
54 11 23 20 Vereinigte Staaten
98%
38 14 13 11 Frankreich
92%
23 7 9 7 Italien
85%
27 10 13 4 Niederlande
85%
40 13 12 15 Großbritannien
84%
7 2 2 3 Kanada
81%
45 18 13 14 Schweden
77%
14 6 4 4 Australien
76%
13 1 2 7 Belgien
76%
22 5 10 7 Schweiz
73%
10 3 2 5 Neuseeland
60%
15 6 5 4 Sowjetunion
53%
7 2 1 4 Mexiko
47%
Keine übereinstimmenden Quizze gefunden
Verteilung der Resultate
Anzahl Personen mit jedem Resultat
Perzentil nach korrekt beantworteten Fragen
Ihre Resultats-Entwicklung
Sie haben dieses Quiz noch nicht gespielt